[Event "Vellmar op 11th"]
[Site "Vellmar"]
[Date "2019.07.07"]
[Round "6"]
[White "Krause, Maximilian"]
[Black "Heinelt, Manfred"]
[Result "1-0"]
[WhiteElo "1951"]
[BlackElo "2101"]
[PlyCount "71"]
[EventDate "2019.07.04"]
[EventType "swiss"]
[EventRounds "7"]
[EventCountry "GER"]
[SourceTitle "CBM 191 Extra"]
[Source "ChessBase"]
[SourceDate "2019.09.30"]
[SourceVersion "1"]
[SourceVersionDate "2019.09.30"]
[SourceQuality "1"]

1. e4 c5 2. Nc3 Nc6 3. Bb5 g6 4. Bxc6 dxc6 5. d3 Bg7 6. Nge2 Nf6 7. Be3 b6 8. Qd2 Ng4 9. Bg5 f6 10. Bf4 e5 11. Bg3 Nh6 12. f4 Nf7 13. 0-0 0-0 14. Bf2 exf4 15. Nxf4 Ne5 16. Kh1 Bh6 17. Bg1 Qd6 18. Nce2 Bg4 19. Be3 Rad8 20. b3 f5 21. exf5 Bxf5 22. h3 g5 23. Nh5 Bxh3 24. Neg3 Bg4 25. Ne4 Qg6 26. Nhf6+ Kh8 27. Qc3 Rfe8 28. Nxg4 Qh5+ 29. Nh2 Bg7 30. Nf6 Qh6 31. Nxe8 Rxe8 32. Qd2 Ng4 33. Bg1 Re3 34. d4 Bxd4 35. c3 Rxc3 36. Bxd4+ 1-0

[Event "Vellmar op 8th"]
[Site "Vellmar"]
[Date "2016.07.31"]
[Round "7"]
[White "Kiesel, Harald"]
[Black "Heinelt, Manfred"]
[Result "1-0"]
[WhiteElo "2074"]
[BlackElo "2175"]
[PlyCount "53"]
[EventDate "2016.07.28"]
[EventType "swiss"]
[EventRounds "7"]
[EventCountry "GER"]
[SourceTitle "CBM 173 Extra"]
[Source "ChessBase"]
[SourceDate "2016.08.29"]
[SourceVersion "1"]
[SourceVersionDate "2016.08.29"]
[SourceQuality "1"]

1. e4 c5 2. Nf3 d6 3. d4 cxd4 4. Nxd4 Nf6 5. Nc3 e6 6. Be2 Be7 7. Be3 0-0 8. 0-0 a6 9. f4 Nc6 10. Qe1 Qc7 11. Qg3 Re8 12. Rae1 b5 13. Nxc6 Qxc6 14. e5 Nd5 15. Bf3 Bb7 16. f5 dxe5 17. Bh6 g6 18. fxg6 hxg6 19. Be4 Qb6+ 20. Kh1 Nf4 21. Bxb7 Qxb7 22. Rxe5 Nd5 23. Rxe6 Bb4 24. Rxg6+ fxg6 25. Qxg6+ Kh8 26. Nxd5 Bf8 27. Nf6 1-0

[Event "Vellmar op 8th"]
[Site "Vellmar"]
[Date "2016.07.30"]
[Round "4"]
[White "Heinelt, Manfred"]
[Black "Maar, Samuel"]
[Result "1-0"]
[WhiteElo "2175"]
[BlackElo "1998"]
[PlyCount "81"]
[EventDate "2016.07.28"]
[EventType "swiss"]
[EventRounds "7"]
[EventCountry "GER"]
[SourceTitle "CBM 173 Extra"]
[Source "ChessBase"]
[SourceDate "2016.08.29"]
[SourceVersion "1"]
[SourceVersionDate "2016.08.29"]
[SourceQuality "1"]

1. d4 d5 2. c4 dxc4 3. Nf3 Nf6 4. Nc3 e6 5. e3 c5 6. Bxc4 Nc6 7. 0-0 Be7 8. a3 0-0 9. dxc5 Bxc5 10. b4 Be7 11. Bb2 a6 12. Qe2 e5 13. Rfd1 Qc7 14. Nd5 Nxd5 15. Bxd5 Bf6 16. h3 Bd7 17. Rac1 Rac8 18. Nd2 g6 19. Ne4 Bg7 20. Nc5 Be8 21. Nxa6 bxa6 22. Qxa6 Bd7 23. b5 Nb8 24. Rxc7 Nxa6 25. Rxd7 Nc5 26. Ra7 Rb8 27. a4 Rbc8 28. Ba3 e4 29. b6 Be5 30. b7 Nxb7 31. Rxb7 Rfd8 32. Bxf7+ Kh8 33. Rxd8+ Rxd8 34. g3 Rd1+ 35. Kg2 Rd2 36. Bb3 g5 37. Bb4 Re2 38. Rb8+ Kg7 39. Bf8+ Kf6 40. Rb6+ Bd6 41. Rxd6+ 1-0

[Event "Vellmar op 8th"]
[Site "Vellmar"]
[Date "2016.07.29"]
[Round "2"]
[White "Heinelt, Manfred"]
[Black "Hansult, Manfred"]
[Result "1-0"]
[WhiteElo "2175"]
[BlackElo "1886"]
[PlyCount "62"]
[EventDate "2016.07.28"]
[EventType "swiss"]
[EventRounds "7"]
[EventCountry "GER"]
[SourceTitle "CBM 173 Extra"]
[Source "ChessBase"]
[SourceDate "2016.08.29"]
[SourceVersion "1"]
[SourceVersionDate "2016.08.29"]
[SourceQuality "1"]

1. d4 d5 2. c4 c6 3. Nc3 Nf6 4. Nf3 dxc4 5. a4 Bf5 6. e3 e6 7. Bxc4 Bb4 8. 0-0 0-0 9. Qe2 Bg6 10. Rd1 Qe7 11. h3 a5 12. Nh4 Nbd7 13. Nxg6 hxg6 14. e4 Nb6 15. Bb3 Nfd7 16. Be3 Rac8 17. Na2 Rfd8 18. Rac1 Re8 19. Nxb4 axb4 20. a5 Na8 21. a6 bxa6 22. Qxa6 c5 23. Qb7 Rc7 24. Qb5 Rb8 25. Qa5 Rbc8 26. dxc5 Nxc5 27. Bxc5 Rxc5 28. Rxc5 Rxc5 29. Qxa8+ Kh7 30. Qb8 Qh4 31. Rd8 Rc1+ 1-0

[Event "Vellmar op 8th"]
[Site "Vellmar"]
[Date "2016.07.28"]
[Round "1"]
[White "Kluempen, Andreas"]
[Black "Heinelt, Manfred"]
[Result "1/2-1/2"]
[WhiteElo "1917"]
[BlackElo "2175"]
[PlyCount "29"]
[EventDate "2016.07.28"]
[EventType "swiss"]
[EventRounds "7"]
[EventCountry "GER"]
[SourceTitle "CBM 173 Extra"]
[Source "ChessBase"]
[SourceDate "2016.08.29"]
[SourceVersion "1"]
[SourceVersionDate "2016.08.29"]
[SourceQuality "1"]

1. Nf3 c5 2. c4 Nf6 3. Nc3 b6 4. g3 Bb7 5. Bg2 g6 6. 0-0 Bg7 7. d3 0-0 8. e4 d6 9. Bd2 Nc6 10. a3 e6 11. Rb1 a5 12. Nb5 d5 13. Bf4 Ne8 14. exd5 exd5 15. Qe2 1/2-1/2

[Event "Hessenliga 0708"]
[Site "Germany"]
[Date "2008.01.20"]
[Round "5.5"]
[White "Heinelt, Manfred"]
[Black "Ambrosius, Berthold"]
[Result "1-0"]
[WhiteElo "2222"]
[BlackElo "2119"]
[PlyCount "57"]
[EventDate "2007.09.30"]
[EventType "team"]
[EventRounds "9"]
[EventCountry "GER"]
[SourceTitle "EXT 2009"]
[Source "ChessBase"]
[SourceDate "2008.11.26"]
[SourceVersion "1"]
[SourceVersionDate "2008.11.26"]
[SourceQuality "1"]
[WhiteTeam "Baunatal"]
[BlackTeam "Frankfurt West"]
[WhiteTeamCountry "GER"]
[BlackTeamCountry "GER"]

1. d4 g6 2. c4 f5 3. Nc3 Nf6 4. g3 d6 5. Bg2 Nc6 6. Nf3 e5 7. dxe5 dxe5 8. Qxd8+ Kxd8 9. Bg5 Be7 10. 0-0-0+ Bd7 11. Nd5 Rf8 12. Nxf6 Bxf6 13. Bxf6+ Rxf6 14. Ng5 h6 15. Bxc6 bxc6 16. Nf3 Re6 17. Rd2 Ke7 18. Rhd1 Be8 19. h4 e4 20. Nd4 Rd6 21. c5 Rd5 22. Nxc6+ Bxc6 23. Rxd5 Bxd5 24. Rxd5 Ke6 25. Rd4 Rb8 26. Kc2 Rb5 27. b4 Rb8 28. a4 a6 29. Kc3 1-0

[Event "Hessenliga 0708"]
[Site "Germany"]
[Date "2007.11.11"]
[Round "3.4"]
[White "Kuban, Guenter"]
[Black "Heinelt, Manfred"]
[Result "0-1"]
[WhiteElo "2244"]
[BlackElo "2222"]
[PlyCount "75"]
[EventDate "2007.09.30"]
[EventType "team"]
[EventRounds "9"]
[EventCountry "GER"]
[SourceTitle "EXT 2009"]
[Source "ChessBase"]
[SourceDate "2008.11.26"]
[SourceVersion "1"]
[SourceVersionDate "2008.11.26"]
[SourceQuality "1"]
[WhiteTeam "Oberursel II"]
[BlackTeam "Baunatal"]
[WhiteTeamCountry "GER"]
[BlackTeamCountry "GER"]

1. c4 c5 2. g3 Nf6 3. Bg2 e6 4. e4 Nc6 5. Nc3 d6 6. Nge2 Be7 7. 0-0 0-0 8. d4 cxd4 9. Nxd4 Qb6 10. Ndb5 Ne5 11. Na4 Qd8 12. b3 a6 13. Nbc3 Rb8 14. f4 Ned7 15. Be3 b5 16. Nb2 Qa5 17. Qd2 Ng4 18. Nd5 Bd8 19. b4 Qa3 20. Bd4 exd5 21. Rf3 Qxb2 22. Qxb2 dxe4 23. Rc3 Ngf6 24. cxb5 axb5 25. Rc6 Nb6 26. Bf1 Nbd5 27. Re1 Be7 28. a3 Bd7 29. Ra6 Rfe8 30. h3 Bf8 31. Ra7 h5 32. Kh2 Re6 33. Be2 Ree8 34. Bd1 h4 35. g4 Nxf4 36. Bxf6 Nd3 37. Qc3 gxf6 38. Rxd7 0-1

[Event "Hessenliga 0708"]
[Site "Germany"]
[Date "2007.10.28"]
[Round "2.5"]
[White "Schwenkreis, Thomas"]
[Black "Heinelt, Manfred"]
[Result "1-0"]
[WhiteElo "2058"]
[BlackElo "2222"]
[PlyCount "75"]
[EventDate "2007.09.30"]
[EventType "team"]
[EventRounds "9"]
[EventCountry "GER"]
[SourceTitle "EXT 2009"]
[Source "ChessBase"]
[SourceDate "2008.11.26"]
[SourceVersion "1"]
[SourceVersionDate "2008.11.26"]
[SourceQuality "1"]
[WhiteTeam "Frankfurt BvK II"]
[BlackTeam "Baunatal"]
[WhiteTeamCountry "GER"]
[BlackTeamCountry "GER"]

1. Nf3 c5 2. b3 d5 3. e3 Nc6 4. Bb2 Nf6 5. Be2 e6 6. d3 Bd6 7. c4 d4 8. exd4 cxd4 9. a3 e5 10. b4 0-0 11. Nbd2 h6 12. 0-0 Bf5 13. Re1 Re8 14. Bf1 b6 15. Rc1 a5 16. c5 bxc5 17. b5 Rb8 18. bxc6 Rxb2 19. Nc4 Rb8 20. Nfxe5 Bc7 21. g3 Nd5 22. Qh5 Be6 23. Nd7 Rb3 24. Nxc5 Rc3 25. Rb1 Nf6 26. Nxe6 Rxe6 27. Qf3 Qe8 28. Rxe6 Qxe6 29. Bg2 Ng4 30. Qe4 Ne5 31. Nxe5 Qxe5 32. a4 Qxe4 33. Bxe4 f5 34. Bd5+ Kh7 35. Bc4 f4 36. gxf4 Bxf4 37. Kg2 Rc1 38. Rxc1 1-0

[Event "Oberliga Ost-B 0203"]
[Site "Germany"]
[Date "2003.02.23"]
[Round "8.5"]
[White "Heinelt, Manfred"]
[Black "Kuban, Guenter"]
[Result "1-0"]
[WhiteElo "2196"]
[BlackElo "2294"]
[PlyCount "57"]
[EventDate "2002.10.20"]
[EventType "team"]
[EventRounds "11"]
[EventCountry "GER"]
[SourceTitle "EXT 2004"]
[Source "ChessBase"]
[SourceDate "2003.11.25"]
[SourceVersion "1"]
[SourceVersionDate "2003.11.25"]
[SourceQuality "1"]
[WhiteTeam "Kassel Hermania"]
[BlackTeam "Oberursel"]
[WhiteTeamCountry "GER"]
[BlackTeamCountry "GER"]

1. d4 d5 2. c4 c6 3. Nc3 e6 4. Nf3 dxc4 5. a4 b6 6. e3 Ba6 7. Ne5 Bd6 8. Nxc4 Bxc4 9. Bxc4 Qh4 10. Qf3 Nf6 11. Nb5 Bb4+ 12. Bd2 Bxd2+ 13. Kxd2 cxb5 14. Bxb5+ Ke7 15. Qxa8 Qxf2+ 16. Kd3 Nd5 17. Qb7+ Kd6 18. Rac1 a6 19. Bc4 Nb4+ 20. Kc3 Qxe3+ 21. Kxb4 Nc6+ 22. Qxc6+ Kxc6 23. Rc3 Qxd4 24. Rd1 Qc5+ 25. Kb3 Kb7 26. Be2 Qe5 27. Bf3+ Kb8 28. Rd7 Qxc3+ 29. bxc3 1-0

[Event "Oberliga Ost-B 0203"]
[Site "Germany"]
[Date "2003.01.26"]
[Round "5.5"]
[White "Ruecker, Benjamin"]
[Black "Heinelt, Manfred"]
[Result "1/2-1/2"]
[WhiteElo "2170"]
[BlackElo "2196"]
[PlyCount "70"]
[EventDate "2002.10.20"]
[EventType "team"]
[EventRounds "11"]
[EventCountry "GER"]
[SourceTitle "EXT 2004"]
[Source "ChessBase"]
[SourceDate "2003.11.25"]
[SourceVersion "1"]
[SourceVersionDate "2003.11.25"]
[SourceQuality "1"]
[WhiteTeam "Steinbach"]
[BlackTeam "Kassel Hermania"]
[WhiteTeamCountry "GER"]
[BlackTeamCountry "GER"]

1. e4 c5 2. c3 d5 3. exd5 Qxd5 4. d4 Nc6 5. Nf3 Bg4 6. Be2 cxd4 7. cxd4 e5 8. Nc3 Bb4 9. 0-0 Bxc3 10. bxc3 0-0-0 11. Nxe5 Bxe2 12. Qxe2 Nxe5 13. Qxe5 Qxe5 14. dxe5 Ne7 15. Bg5 Rhe8 16. Rad1 Rxd1 17. Rxd1 Ng6 18. Be3 b6 19. Bd4 Nxe5 20. f4 Ng6 21. f5 Nh4 22. Rf1 g6 23. fxg6 fxg6 24. Rf7 Re1+ 25. Kf2 Rb1 26. g4 Rb2+ 27. Kg3 g5 28. Rxa7 Rg2+ 29. Kh3 Rd2 30. Re7 b5 31. Re3 h6 32. Bg7 Ng2 33. Re4 Nh4 34. Re3 Ng2 35. Re4 Nh4 1/2-1/2

[Event "Oberliga Ost-B 0203"]
[Site "Germany"]
[Date "2002.12.15"]
[Round "4.5"]
[White "Heinelt, Manfred"]
[Black "Meyer, Stefan"]
[Result "1/2-1/2"]
[WhiteElo "2196"]
[BlackElo "2187"]
[PlyCount "105"]
[EventDate "2002.10.20"]
[EventType "team"]
[EventRounds "11"]
[EventCountry "GER"]
[SourceTitle "EXT 2004"]
[Source "ChessBase"]
[SourceDate "2003.11.25"]
[SourceVersion "1"]
[SourceVersionDate "2003.11.25"]
[SourceQuality "1"]
[WhiteTeam "Kassel Hermania"]
[BlackTeam "Dotzheim"]
[WhiteTeamCountry "GER"]
[BlackTeamCountry "GER"]

1. d4 d5 2. c4 c6 3. Nc3 Nf6 4. Nf3 a6 5. Bg5 Ne4 6. h4 Nxc3 7. bxc3 Qa5 8. c5 e5 9. Bd2 e4 10. Ng1 e3 11. fxe3 Qc7 12. Kf2 Nd7 13. e4 Nf6 14. e5 Ne4+ 15. Ke1 Bxc5 16. Nf3 Be7 17. Qc1 f6 18. Bf4 Qa5 19. Bd2 fxe5 20. dxe5 0-0 21. e3 Bg4 22. Be2 Ng3 23. Rh2 Nxe2 24. Kxe2 Qb5+ 25. Kf2 Qd3 26. Kg3 Bh5 27. Qb1 Qe2 28. Qf1 Qxf1 29. Rxf1 Rf5 30. Rb1 b5 31. Nd4 Rxe5 32. Nxc6 Re6 33. Nxe7+ Rxe7 34. Rhh1 Re4 35. Rb4 Kf7 36. Rf1+ Ke6 37. Rf4 Rc4 38. Kf2 Ra7 39. e4 Rf7 40. exd5+ Kxd5 41. Rxf7 Bxf7 42. a3 Ke4 43. Rxc4+ Bxc4 44. Be3 Kd3 45. Bd4 g6 46. g3 Kc2 47. Ke3 Kb3 48. Bc5 Kxc3 49. Bb4+ Kb3 50. Kd4 Ka4 51. Kc3 Be6 52. Bd6 Ka5 53. Bc7+ 1/2-1/2

[Event "Oberliga Ost-B 0203"]
[Site "Germany"]
[Date "2002.11.16"]
[Round "2.7"]
[White "Kartmann, Juergen"]
[Black "Heinelt, Manfred"]
[Result "0-1"]
[WhiteElo "2096"]
[BlackElo "2196"]
[PlyCount "56"]
[EventDate "2002.10.20"]
[EventType "team"]
[EventRounds "11"]
[EventCountry "GER"]
[SourceTitle "EXT 2004"]
[Source "ChessBase"]
[SourceDate "2003.11.25"]
[SourceVersion "1"]
[SourceVersionDate "2003.11.25"]
[SourceQuality "1"]
[WhiteTeam "Wetzlar"]
[BlackTeam "Kassel Hermania"]
[WhiteTeamCountry "GER"]
[BlackTeamCountry "GER"]

1. e4 c5 2. c3 d5 3. exd5 Qxd5 4. d4 Nc6 5. Nf3 Bg4 6. Be2 cxd4 7. cxd4 e6 8. 0-0 Nf6 9. Nc3 Qd6 10. Be3 Be7 11. a3 0-0 12. Qd2 Nd5 13. Rfd1 Na5 14. Ra2 Rac8 15. Ne4 Qb6 16. b4 Nc4 17. Bxc4 Bxf3 18. gxf3 Rxc4 19. Rc1 Rfc8 20. Rac2 Rxc2 21. Rxc2 Rxc2 22. Qxc2 Qc7 23. Qxc7 Nxc7 24. Nc3 a6 25. Kf1 Nd5 26. Ne4 b6 27. Ke2 f5 28. Ng5 Nxe3 0-1

[Event "Hessenliga 0102"]
[Site "Germany"]
[Date "2002.03.17"]
[Round "8.6"]
[White "Kreiling, Carsten"]
[Black "Heinelt, Manfred"]
[Result "0-1"]
[WhiteElo "2070"]
[BlackElo "2204"]
[PlyCount "68"]
[EventDate "2001.10.??"]
[EventType "team"]
[EventRounds "9"]
[EventCountry "GER"]
[SourceTitle "EXT 2003"]
[Source "ChessBase"]
[SourceDate "2002.11.25"]
[SourceVersion "1"]
[SourceVersionDate "2002.11.25"]
[SourceQuality "1"]
[WhiteTeam "Eppstein"]
[BlackTeam "Kassel"]
[WhiteTeamCountry "GER"]
[BlackTeamCountry "GER"]

1. d4 Nf6 2. c4 c5 3. d5 e6 4. Nc3 exd5 5. cxd5 d6 6. e4 g6 7. f4 Bg7 8. Nf3 0-0 9. Be2 b5 10. e5 dxe5 11. fxe5 Ng4 12. Bf4 Nd7 13. Nxb5 Ndxe5 14. 0-0 Qb6 15. a4 c4+ 16. Kh1 Nxf3 17. Bxf3 Nf2+ 18. Rxf2 Qxf2 19. Bg3 Qxb2 20. Rb1 Qf6 21. Nc7 Bf5 22. Rc1 Rab8 23. Rxc4 Rb1 24. Rc1 Rxc1 25. Qxc1 Rb8 26. Nb5 Rc8 27. Nc7 Bf8 28. h4 Bd6 29. Qc6 Qa1+ 30. Kh2 Bxg3+ 31. Kxg3 Qe5+ 32. Kf2 Rxc7 33. Qb5 Rc2+ 34. Be2 Bg4 0-1

[Event "Hessenliga 0102"]
[Site "Germany"]
[Date "2002.02.17"]
[Round "6.6"]
[White "Paszek, Adam"]
[Black "Heinelt, Manfred"]
[Result "1-0"]
[WhiteElo "2255"]
[BlackElo "2204"]
[PlyCount "97"]
[EventDate "2001.10.??"]
[EventType "team"]
[EventRounds "9"]
[EventCountry "GER"]
[SourceTitle "EXT 2003"]
[Source "ChessBase"]
[SourceDate "2002.11.25"]
[SourceVersion "1"]
[SourceVersionDate "2002.11.25"]
[SourceQuality "1"]
[WhiteTeam "Fulda"]
[BlackTeam "Kassel"]
[WhiteTeamCountry "GER"]
[BlackTeamCountry "GER"]

1. d4 Nf6 2. c4 c5 3. d5 g6 4. Nc3 d6 5. Nf3 Bg7 6. Nd2 0-0 7. e4 Na6 8. Be2 Nc7 9. 0-0 a6 10. a4 Rb8 11. Rb1 Bd7 12. Qc2 b5 13. axb5 axb5 14. cxb5 Nxb5 15. Nxb5 Bxb5 16. Bxb5 Rxb5 17. Nc4 Qa8 18. Bd2 Rfb8 19. Ra1 Qb7 20. Bc3 Qd7 21. Ra6 R5b7 22. Rfa1 Qb5 23. Qe2 Nh5 24. g3 Bxc3 25. bxc3 Nf6 26. Kg2 h5 27. h3 Qd7 28. Qf3 Nh7 29. h4 Nf6 30. Nxd6 Rb1 31. Rxb1 Rxb1 32. e5 Qg4 33. exf6 Qxf3+ 34. Kxf3 exd6 35. Rxd6 Rc1 36. Rd8+ Kh7 37. Rf8 Rxc3+ 38. Ke4 Rc2 39. d6 Rd2 40. Rxf7+ Kh6 41. Ke5 g5 42. hxg5+ Kxg5 43. f4+ Kg6 44. Rg7+ Kh6 45. Rc7 Kg6 46. f5+ Kh6 47. f7 Kg7 48. f6+ Kf8 49. d7 1-0